Statistics for Bellyache - Billie Eilish (All Lyrics)

Click here to take the quiz!

General Stats

  • This quiz has been taken 755 times
  • The average score is 166 of 196

Answer Stats

Bellyache% Correct
I
100%
a
99%
My
98%
my
98%
The
98%
the
98%
be
97%
In
97%
in
97%
Where
96%
go
95%
bellyache
93%
mind?
93%
mind
93%
of
93%
For
91%
for
91%
it's
91%
Pre-ChorusWhere's
91%
got
90%
is
90%
now
90%
an
89%
back
89%
car
89%
lover
89%
ChorusMaybe
89%
left
88%
V
88%
What
88%
friends
87%
better
86%
But
86%
but
86%
that
85%
all
84%
driveway
84%
Thought
84%
vendetta
83%
alone
82%
aren't
82%
expensive
82%
gutter
82%
Verse 1Sittin
82%
bodies
81%
far
81%
their
81%
full
80%
gum
80%
i'd
80%
to
80%
Mouth
79%
Lay
78%
i'm
77%
I'm
77%
do
76%
feel
76%
money
74%
jail
72%
funny
71%
kinda
71%
don't
70%
lost
70%
room
69%
too
69%
young
69%
Lookin'
66%
pretty
65%
soon
64%
here
62%
nails
62%
bitin'
60%
Verse 2They'll
59%
through
59%
Like
58%
could
52%
way
52%
anywhere
49%
reckless
49%
scared
49%
wear
49%
make
48%
necklace
48%
Verse 3Everything
47%
wanna
47%
em
43%
noose
43%
fake
42%

Score Distribution

Percentile by Number Answered

Percent of People with Each Score

Your Score History

You have not taken this quiz